=LDR 00000nam 2200000 4500 =001 INLIS000000000060400 =005 20220127100503 =035 ##$$a 0010-0122000336 =007 ta =008 220127###########################0#ind## =020 ##$$a 979-8619-82-x =082 ##$$a 351.15 =084 ##$$a 351.15 Sal s =245 1#$$a Sistem Penyelenggaran Pemerintahan Negara Kesatuan Republik Indonesia : $b Modul Diklat Prajabatan Golongan I Dan II /$c Drs. Salamoen Soeharyo,MPA. =300 ##$$a 100 halaman ; $c 21 cm. =650 #4$$a Pegwai Negeri-Latihan Prajabatan =264 ##$$a jakarta :$b Lembaga Administrasi Negara Republik Indonesia,$c 2006 =336 ##$$a teks$2 rdacontent =337 ##$$a lain-lain$2 rdamedia =338 ##$$a lain-lain$2 rdacarrier =990 ##$$a 04360436